| 000 | 01092nam a2200337 i 4500 | ||
|---|---|---|---|
| 650 | 0 |
_938711 _aExecutions (Law) _zTurkey |
|
| 999 |
_c200429139 _d47063 |
||
| 003 | TR-AnTOB | ||
| 005 | 20190822100032.0 | ||
| 007 | ta | ||
| 008 | 180315s1991 tu bw 001 0 tur d | ||
| 040 |
_aTR-AnTOB _beng _erda _cTR-AnTOB |
||
| 041 | 0 | _atur | |
| 050 | 0 | 4 |
_aKKX1902 _b.U93 1991 |
| 090 |
_aKKX1902 _b.U93 1991 |
||
| 100 | 1 |
_aUyar, Talih, _d1945- _eauthor _9118813 |
|
| 245 | 1 | 0 |
_aİcra hukukunda şikayet / _cTalih Uyar. |
| 250 | _agenişletilmiş 2. baskı | ||
| 264 | 1 |
_aManisa : _b[publisher not identified] _c1991. |
|
| 300 |
_a815 pages ; _c23 cm. |
||
| 336 |
_2rdacontent _atext _btxt |
||
| 337 |
_2rdamedia _aunmediated _bn |
||
| 338 |
_2rdacarrier _avolume _bnc |
||
| 504 | _aIncludes bibliographical references (p. 797-802) and indexes. | ||
| 590 | _aDonated by Kudret Aslan | ||
| 650 | 0 |
_9108047 _aRemedies (Law) _zTurkey |
|
| 650 | 7 |
_9119264 _aİnfaz (hukuk) _zTürkiye _2etuturkob |
|
| 650 | 7 |
_aİcra-iflas hukuku _zTürkiye _2etuturkob _9115811 |
|
| 740 | _aŞikayet. | ||
| 942 |
_2lcc _cBK |
||